000 00998cam a22002655a 4500
001 L159246
008 130424s2016 xxkd f 001 0 eng d
020 _a9781783211388
035 _a(Sirsi) u159246
041 0 _aeng
050 0 4 _a692.5 $2 18
110 2 _aBuilding Cost Information Service
_91096
245 0 0 _aBCIS painting and decorating price book
_b2016
250 _a23rd ed.
260 _aLondon
_bBCIS
_c2016
300 _av, 176p.
_c19cm.
520 _aProvides guide prices for for painting and decoration in new buildings and for redecoration in existing properties. The rates are presented in the following sections: basic rates; new internal work; new external work; wall coverings; internal redecoration; external redecoration; and composite prices.
520 _aSupersedes 23rd (ISBN 9781783210909).
521 _aAdvanced
590 _aKA
651 4 _aUnited Kingdom
_y
690 _aRefurbishment
_96264
690 _aFacilities management
_96240
942 _n0
999 _c115763
_d115763